| 000 | 00887nam a2200229Ia 4500 | ||
|---|---|---|---|
| 003 | OSt | ||
| 005 | 20220923225246.0 | ||
| 006 | a|||||r|||| 00| 0 | ||
| 007 | ta | ||
| 008 | 220922b |||||||| |||| 00| 0 hin d | ||
| 024 | _a261,639 | ||
| 037 | _cTextual | ||
| 040 |
_aARTS _cARTS _bhin |
||
| 041 |
_2hin _ahin |
||
| 082 | _aO152,6N06:g, K5 | ||
| 100 |
_aवासवदत्ता, कुमारी पी0 _9168549 |
||
| 245 | 0 | _aआचार्य हजारीप्रसाद द्विवेदी व्यक्तित्व और कृतित्व | |
| 246 | _aĀchārya hajārīprasād dvivedī vyaktitva aur kṛutitva | ||
| 260 |
_aकानपुर _b युगवाणी प्रकाशन _c1965 |
||
| 942 |
_hO152,6N06:g, K5 _cTEXL _2CC |
||
| 999 |
_c377109 _d377109 |
||